[Event "39 Open Sevilla 2014"]
[Site "Sevilla (SPAIN)"]
[Date "2014.01.15"]
[Round "6.10"]
[White "GALLARDO FERNANDEZ, Cesar"]
[Black "HASLINGER, Gareth J"]
[Result "1-0"]
[WhiteElo "2244"]
[BlackElo "2049"]
[Annotator "Montecatine,R"]
[PlyCount "63"]
[EventDate "2014.01.10"]

{El negro quedó pronto mal y podría parecer que la victoria de César fue
tranquila. Sin embargo una imprecisión en la 18 no fue aprovechada por
Haslinger (Gareth)} 1. c4 f5 2. Nc3 Nf6 3. g3 e6 4. Bg2 Bb4 5. e3 Bxc3 6. bxc3
d6 7. Rb1 Nc6 8. Ne2 O-O 9. O-O e5 10. c5 e4 11. cxd6 cxd6 12. d3 Qa5 13. Qb3+
Kh8 14. Ba3 (14. dxe4 Nxe4 15. Rd1) 14... Be6 $2 (14... exd3 15. Nf4 Ne4) 15.
Qxe6 $16 exd3 $2 (15... Qxa3 16. Qxf5 $16) 16. Nd4 $6 (16. Bb4 Nxb4 17. cxb4
Qa4 18. Nf4 $18) 16... Nxd4 17. cxd4 Qxa3 {Diagrama #} 18. Rxb7 $6 (18. Bxb7
Rab8 19. Qxf5 $16) 18... Rab8 (18... d2 19. Rc7 $14 (19. Rd1 Rac8 20. Bf3 Rc1
21. Kg2 Rxd1 22. Bxd1 Qc1 23. Qb3 $11) 19... d5 20. Qxf5 Rab8 21. Bf3 $14) 19.
Qxf5 d5 20. Rxb8 Rxb8 21. Rd1 d2 22. Qc2 Qb2 23. Rxd2 Qa1+ 24. Rd1 Qb2 25. Rc1
Qxc2 26. Rxc2 Rb1+ 27. Bf1 h6 28. Kg2 Ra1 29. Bd3 Ne4 30. Rc8+ Kh7 31. f3 Rxa2+
32. Rc2 1-0

[Event "39 Open Sevilla 2014"]
[Site "Sevilla (SPAIN)"]
[Date "2014.01.15"]
[Round "6.11"]
[White "MUNOZ GONZALO, David"]
[Black "GONZALEZ GALVAN, Juan Manuel"]
[Result "0-1"]
[WhiteElo "1857"]
[BlackElo "2238"]
[Annotator "Montecatine,R"]
[PlyCount "56"]
[EventDate "2014.01.10"]

{David Muñoz está realizando un torneo excelente pero hoy tenía un fuerte
rival y perdió. Lo curioso de esta partida es un lapsus en la jugada 9 que
ninguno de los dos vio. Galván se hubiera quedado perdido.} 1. Nf3 d5 2. g3 Nc6
3. d4 Bg4 4. Bg2 Nf6 5. O-O Qc8 6. c4 dxc4 7. Qa4 Qd7 8. Qxc4 O-O-O 9. e3 {
Diagrama #} Bh3 $2 10. Nc3 $2 (10. Bxh3 Qxh3 11. Ng5 Na5 12. Qe2 Qd7 13. Nxf7
$19) 10... Bxg2 11. Kxg2 Qf5 12. e4 (12. Qxf7 g6 13. Re1 $16) 12... Nxe4 13. d5
Qxf3+ 14. Kxf3 Ne5+ 15. Kxe4 Nxc4 $15 16. b3 Nd6+ 17. Kf3 g6 18. Bf4 Bg7 19.
Rac1 Rd7 20. Rc2 Kb8 21. Rfc1 Rc8 22. a4 a6 23. b4 h6 24. h4 h5 25. b5 axb5 (
25... Bxc3 26. Rxc3 axb5 $19) 26. axb5 (26. Nxb5 $15) 26... Bxc3 27. Rxc3 Nxb5
28. Rc5 Nd4+ 0-1

[Event "39 Open Sevilla 2014"]
[Site "Sevilla (SPAIN)"]
[Date "2014.01.15"]
[Round "6.17"]
[White "MARTIN RENGEL, Jose Maria"]
[Black "VAN HOOLANDT, Patrick"]
[Result "0-1"]
[WhiteElo "1967"]
[BlackElo "2199"]
[Annotator "Montecatine,R"]
[PlyCount "82"]
[EventDate "2014.01.10"]

{La famosa variante Berlinesa de la Española con la que Kramnik arrebató el
título mundial a Kasparov. Todo iba tranquilo hasta la jugada 18. Una grave
eror de Martín Rengel y lo que quedó fue cuestión de técnica.} 1. e4 e5 2. Nf3
Nc6 3. Bb5 Nf6 4. O-O Nxe4 5. d4 Nd6 6. Bxc6 dxc6 7. dxe5 Nf5 8. Qxd8+ Kxd8 9.
Nc3 Ke8 10. b3 Be7 11. Bb2 h5 12. Rad1 a5 13. Rd2 Be6 14. Rfd1 Rd8 15. Rxd8+
Bxd8 16. Ne4 Be7 17. Nd4 Nxd4 18. Rxd4 Bf5 {Diagrama #} 19. c4 $2 (19. f3)
19... c5 $19 20. Ng3 cxd4 21. Nxf5 c5 22. Nxg7+ Kd7 23. f4 Bf8 24. Nf5 Ke6 25.
Nh4 Be7 26. Nf3 Kf5 27. Bc1 Rd8 28. Bd2 a4 29. bxa4 Ra8 30. a5 Bd8 31. g3 Bxa5
32. Bxa5 Rxa5 33. Ng5 Kg6 34. Ne4 b6 35. h3 Rxa2 36. g4 hxg4 37. hxg4 Re2 38.
Nf2 Re3 39. Kg2 d3 40. Nd1 Re1 41. f5+ Kg5 0-1

[Event "39 Open Sevilla 2014"]
[Site "Sevilla (SPAIN)"]
[Date "2014.01.15"]
[Round "6.1"]
[White "MATAMOROS FRANCO, Carlos S"]
[Black "NARCISO DUBLAN, Marc"]
[Result "0-1"]
[WhiteElo "2531"]
[BlackElo "2521"]
[Annotator "Montecatine,R"]
[PlyCount "88"]
[EventDate "2014.01.10"]

{Carlos tenía una cómoda ventaja posicional y podía maniobrar tranquilamente
buscando el camino correcto. Pero cuando decidió romper en g5 omitió que
debilitaba g3. Toda la estrategia quedó barrida por la táctica y una presunta
victoria se transformó en una derrota.} 1. Nf3 f5 2. c4 Nf6 3. g3 e6 4. Bg2 Be7
5. O-O O-O 6. d4 d5 7. Nbd2 Nc6 8. b3 a5 9. a3 Bd7 10. Bb2 Ne4 11. Ne1 a4 12.
b4 Na7 {aunque no lo parezca se dirige a c4} 13. Nef3 (13. Nd3) 13... Nc8 14.
Ne5 (14. c5 Na7 15. Ne5 Bb5 $13) 14... Ncd6 15. c5 Nf7 16. Nxd7 Qxd7 17. Nxe4
fxe4 18. f3 exf3 19. exf3 Bf6 20. f4 $14 b6 21. Qe2 Rfe8 22. Rad1 (22. Rac1 g6
(22... bxc5 23. Rxc5) 23. Rf2 $14) 22... c6 23. Bh3 (23. cxb6 Nd6 24. Bh3 $16)
23... Re7 24. Rfe1 Rae8 25. Rd3 (25. cxb6 Qb7 26. Qc2 Qxb6 27. Kg2 $16 (27.
Qxa4 e5 $14)) 25... bxc5 26. bxc5 Qa7 27. Re3 Nd8 28. Qc2 g6 29. Bg4 Rb7 30.
Bxe6+ Kg7 31. f5 (31. Bc8 Rxe3 32. Rxe3 Rb5 $14) 31... g5 (31... Rb3 32. Rxb3
axb3 33. Qd1 $14 (33. Qxb3 gxf5)) 32. Kg2 Qb8 33. Ba1 Rb3 34. Qd1 Re7 {
Diagrama #} 35. h4 $2 (35. Qe2) 35... Nxe6 36. fxe6 Rxe6 37. Rxb3 Rxe1 38. Rb7+
(38. Rxb8 Rxd1 39. hxg5 Rxa1 40. Rb7+ Kg6 41. gxf6 Kxf6 42. Rc7 Kf5 43. Rxc6
Rxa3 44. Ra6 Ke4 45. c6 Ra2+ 46. Kh3 Kxd4 47. c7 Rc2 48. Rxa4+ Ke5 49. Ra7 Kd6
50. c8=Q Rxc8 51. Rxh7 d4 $17) 38... Qxb7 39. Qxe1 Qe7 40. Qf2 $6 (40. Qxe7+
Bxe7 41. hxg5 Bxg5 42. Bb2 Kf6 43. Kf3 Bd2 44. Kg4 Kg6 45. Kf3 Kf5 46. g4+ Kg5
47. Ke2 Bf4 48. Kf3 h6 49. Bc3 Bc1 50. Bb4 Bb2 $19) 40... Qe4+ 41. Kh2 gxh4 42.
Bb2 Qg4 43. gxh4 Qxh4+ 44. Qxh4 Bxh4 0-1

[Event "39 Open Sevilla 2014"]
[Site "Sevilla (SPAIN)"]
[Date "2014.01.15"]
[Round "6.3"]
[White "CAMPORA, Daniel H"]
[Black "CONGIU, Mathilde"]
[Result "1/2-1/2"]
[WhiteElo "2460"]
[BlackElo "2226"]
[Annotator "Montecatine,R"]
[PlyCount "70"]
[EventDate "2014.01.10"]

{!Qué buen torneo está haciendo Mathilde Congiu! Cámpora tuvo que jugar con
cuidado porque estaba peor. 25...b5 fue precipitado y la partida se equilibró} 
1. e4 c5 2. Nf3 d6 3. d4 cxd4 4. Nxd4 Nf6 5. Nc3 a6 6. Be2 e5 7. Nb3 Be7 8. O-O
O-O 9. a4 Nc6 10. Be3 Be6 11. Bf3 {apartándose del plan usual: f4} Nb4 12. Re1
Rc8 13. Bg5 h6 14. Bxf6 Bxf6 15. Nc1 {
no se puede decir que el blanco salió bien de la apertura} Qb6 $15 16. a5 Qd4
17. Nd3 Nxd3 18. cxd3 Qb4 19. Qb1 Bg5 20. Ra4 Qc5 21. Qc2 Rb8 22. Rea1 Rfc8 23.
g3 Rc6 24. h4 Bf6 25. Qc1 {Diagrama #} b5 $6 (25... Bd8 26. Qd2 b5 27. axb6 (
27. d4 exd4 28. Rxd4 Bf6 29. Rd5 Bxd5 30. Nxd5 Qc2 (30... Bd8 31. Nb4 $14) 31.
Nxf6+ gxf6 32. Qxh6 Qxb2 $17) 27... Rcxb6 $17) 26. axb6 Rcxb6 (26... Qxb6 27.
Rxa6 Qxa6 28. Rxa6 Rxa6 $15) 27. Nd1 (27. Nd5 Qxc1+ 28. Rxc1 Bxd5 29. exd5 Rxb2
30. Rxa6 Be7 $11) 27... Qxc1 28. Rxc1 Bb3 (28... Bd8) 29. Ra3 Bxd1 (29... Bd8)
30. Bxd1 $11 Rxb2 31. Rxa6 Bd8 32. Rac6 Bb6 33. R6c2 Bd4 34. Kf1 Rxc2 35. Rxc2
Rb2 1/2-1/2

[Event "39 Open Sevilla 2014"]
[Site "Sevilla (SPAIN)"]
[Date "2014.01.15"]
[Round "6.5"]
[White "SILVA LUCENA, Cristian"]
[Black "HASLINGER, Stewart G"]
[Result "0-1"]
[WhiteElo "2126"]
[BlackElo "2548"]
[Annotator "Montecatine,R"]
[PlyCount "60"]
[EventDate "2014.01.10"]

1. e4 {Un Gambito Evans pero sin espíritu de gambito. La mejor técnica de
Haslinger se puso de manifiesto y fue superando a su rival sin excesivos
problemas.} e5 2. Nf3 Nc6 3. Bc4 Bc5 4. b4 Bxb4 5. c3 Be7 6. d4 Na5 7. Be2 d6
8. dxe5 dxe5 9. Qa4+ c6 10. Nxe5 Nf6 11. O-O b5 12. Qc2 Qc7 13. f4 O-O 14. a4
a6 15. c4 (15. Be3) 15... Bc5+ 16. Kh1 Bd4 {Diagrama #} 17. Ra3 $2 (17. Bb2
Bxb2 18. Qxb2 $11) 17... b4 $17 18. Rg3 c5 19. Bd3 h6 20. Qe2 Re8 21. Qf3 $2 (
21. Be3 Bxe3 22. Qxe3 Nb3 23. Nd2 Nxd2 24. Qxd2 Nh5 $17) 21... Nb3 $19 22. Nxf7
$2 (22. Be3 Rxe5 23. fxe5 Bxe5 24. Bf2 Bd7 $19) 22... Qxf7 23. e5 Bb7 24. Qd1
Nh5 25. Rg4 Nxc1 26. Bg6 Qxc4 27. Bxh5 Nd3 28. h4 Nf2+ 29. Rxf2 Bxf2 30. Bxe8
Rxe8 0-1

[Event "39 Open Sevilla 2014"]
[Site "Sevilla (SPAIN)"]
[Date "2014.01.15"]
[Round "6.6"]
[White "MONTERO MELENDEZ, Rafael"]
[Black "GUERREIRO, Nuno"]
[Result "1-0"]
[WhiteElo "2350"]
[BlackElo "2161"]
[Annotator "Montecatine,R"]
[PlyCount "69"]
[EventDate "2014.01.10"]

1. c4 {Montero tenía ventaja pero no terminaba de imponer su peón de más dada
la complejidad de la posición. Un eror negro en la 29 terminó con la
incertidumbre} Nc6 2. g3 d5 3. cxd5 Qxd5 4. Nf3 Nf6 5. Nc3 Qh5 6. h3 e5 7. d3
Bb4 8. Bd2 O-O 9. Bg2 Ne8 10. Qa4 a5 11. a3 Ra6 12. Ng5 Nd4 13. g4 Qh4 14. Rc1
Be7 15. Nf3 Nxf3+ 16. Bxf3 Bg5 17. Ne4 Bxd2+ 18. Nxd2 $14 f5 $6 (18... Qe7) 19.
Rc5 $16 Qe7 20. Rxa5 Rh6 21. g5 Qxg5 22. Rxe5 Nd6 23. h4 Qf6 24. Qf4 Kh8 25.
Bd5 c6 26. Bb3 g5 27. Qd4 Nb5 28. Qe3 f4 29. Qc5 {Diagrama #} gxh4 $2 (29... b6
30. Qe7 $14) 30. Ne4 b6 (30... Qg7 31. Rg5) 31. Qxb5 Qg7 32. Qb4 h3 33. Rg5 c5
34. Qd2 Rg6 35. Rxg6 1-0

[Event "39 Open Sevilla 2014"]
[Site "Sevilla (SPAIN)"]
[Date "2014.01.15"]
[Round "6.7"]
[White "SEVERIJNEN, Arjon"]
[Black "PADEIRO, Jose"]
[Result "0-1"]
[WhiteElo "2147"]
[BlackElo "2337"]
[Annotator "Montecatine,R"]
[PlyCount "90"]
[EventDate "2014.01.10"]

{Padeiro, con mejor técnia, logró e incrementó su ventaja. La entraga de
calidad no alivió los problemas blancos.} 1. e4 c6 2. d4 d5 3. e5 Bf5 4. c4 e6
5. Nc3 Ne7 6. Bg5 h6 7. Bh4 Qa5 8. Nf3 Nd7 9. Be2 (9. a3 dxc4 10. Bxc4 $11)
9... dxc4 10. Bxc4 Nb6 11. Bb3 Nbd5 $15 12. Qd2 Qa6 13. a3 g5 14. Bg3 O-O-O 15.
Rc1 Nxc3 16. Rxc3 Nd5 17. Bc4 Qa5 18. Bxd5 Qxd5 19. h3 Qe4+ 20. Qe3 Qb1+ 21.
Qc1 Qxc1+ 22. Rxc1 Be7 $17 23. Ke2 Rd5 24. Rcd1 Bc2 25. Rd2 Ba4 26. Rc1 Rhd8
27. Ke3 Kb8 28. b4 a5 29. Rc5 (29. Rb2) 29... axb4 30. axb4 Bxc5 31. bxc5 b6
$19 32. Rb2 b5 33. Rb4 Bc2 34. Nd2 Kc7 35. f4 Ra8 36. fxg5 hxg5 37. Nf3 Ra3+
38. Kd2 Ra2 39. Ke3 Bg6 40. Bf2 Rd8 41. Nxg5 Rda8 42. Kf3 R8a3+ 43. Be3 Rd3 44.
Kf4 Rxg2 45. Rb1 Rxe3 0-1

[Event "39 Open Sevilla 2014"]
[Site "Sevilla (SPAIN)"]
[Date "2014.01.15"]
[Round "6.9"]
[White "RAMIREZ GUERRERO, Enrique"]
[Black "DIAZ CASTRO, Sergio"]
[Result "0-1"]
[WhiteElo "2043"]
[BlackElo "2256"]
[Annotator "Montecatine,R"]
[PlyCount "64"]
[EventDate "2014.01.10"]

{Sergio tomó la iniciativa pero Enrique resistió, en una partida maniobrera,
hasta que un error en la 30 decidió.} 1. d4 Nf6 2. c4 g6 3. Nc3 Bg7 4. Nf3 d6
5. Bg5 h6 6. Bh4 g5 7. Bg3 Nh5 8. e3 Nd7 9. Be2 c5 10. Qd3 a6 11. Nd2 Nxg3 12.
hxg3 Rb8 13. a4 cxd4 14. exd4 Qb6 15. Nf3 g4 16. Nd5 Qd8 17. Nh4 e6 18. Nf4
Qa5+ 19. Kf1 Qg5 20. Re1 O-O 21. Bd1 Rd8 22. Bc2 Nf8 (22... Nf6) 23. b4 Bd7 24.
d5 e5 25. Ne2 Re8 26. Nc3 (26. Qe4 $5) 26... f5 27. c5 (27. Nxf5 $2 e4) 27...
Rbc8 28. Nxf5 e4 29. Nxe4 Bxf5 {Diagrama #} 30. cxd6 $2 ({la alternativa era} 
30. Nxg5 Bxd3+ 31. Bxd3 Rxe1+ 32. Kxe1 hxg5 33. c6 bxc6 34. Bxa6 Ra8 35. Bb7
Rxa4 36. dxc6 Ne6 37. Bc8 Nc7 38. Rh5 Bf6 39. Bxg4 Rxb4 40. Bd7 Rb2 $17) 30...
Bxe4 $19 31. Rxe4 Rxe4 32. Qxe4 Qc1+ 0-1

[Event "39 Open Sevilla 2014"]
[Site "Sevilla (SPAIN)"]
[Date "2014.01.15"]
[Round "6.12"]
[White "VALENTI, Giuseppe"]
[Black "MONCADA RODRIGUEZ, Cristobal"]
[Result "1-0"]
[WhiteElo "2172"]
[BlackElo "1891"]
[Annotator "Montecatine,R"]
[PlyCount "116"]
[EventDate "2014.01.10"]

1. e4 c5 2. Nf3 e6 3. d4 cxd4 4. Nxd4 a6 5. Nc3 Qc7 6. g3 b6 7. Bg2 Bb7 8. O-O
d6 9. Re1 Nd7 10. h3 Be7 11. f4 Ngf6 12. Be3 O-O 13. Bf2 Rac8 14. Qe2 Rfe8 15.
e5 dxe5 16. fxe5 Nd5 17. Nxd5 Bxd5 18. Bxd5 exd5 19. e6 Nf6 20. exf7+ Kxf7 21.
Qe6+ Kf8 22. Qf5 Kg8 23. c3 Bd6 24. Ne6 Qb8 25. Bd4 Bc5 26. Re3 Qd6 27. Kg2
Bxd4 28. cxd4 (28. Nxd4 $11) 28... Ne4 $15 29. Nf4 Rc2+ 30. Kg1 Rd8 $6 (30...
Rf8 {!la actividad de las piezas!} 31. Qxd5+ Qxd5 32. Nxd5 Nd2 33. Ne7+ Kh8 34.
Nf5 g6 35. Nh4 Rxb2 36. d5 g5 37. Ng2 Rd8 $17) 31. Rf1 Qf6 32. Nxd5 Qxf5 33.
Ne7+ Kh8 34. Nxf5 Nf6 $6 (34... Ng5) 35. Rf2 Rxf2 36. Kxf2 g6 (36... Ng8) 37.
Re6 $18 Nd5 38. Ne3 Nb4 39. d5 (39. Rxb6 Rxd4 40. Rb8+ Kg7 41. Rb7+ Kg8 (41...
Kf6 42. Rxb4) 42. Ng4 $18) 39... b5 40. Ke2 a5 41. d6 Nc6 42. Kd3 Rd7 43. a3
Kg7 44. Ke4 Kf7 45. Kd5 Nd8 46. Re7+ Rxe7 47. dxe7 Kxe7 48. Kc5 b4 49. axb4
axb4 50. Kxb4 Kd6 51. Kc4 Ne6 52. h4 g5 53. hxg5 (53. h5 $18) 53... Nxg5 54. b4
{Diagrama #} h5 $6 (54... Ne4 55. g4 Ke5 56. Nd1 Nd6+ 57. Kc5 Nc8 58. Kc6 Kf4
59. Kc7 Na7 60. Kb6 Nc8+ $11) 55. Kd4 h4 56. Nf5+ Ke6 57. gxh4 Nf3+ 58. Ke4 Ne5
{Ilegible} 1-0

[Event "39 Open Sevilla 2014"]
[Site "Sevilla (SPAIN)"]
[Date "2014.01.15"]
[Round "6.13"]
[White "GODINHO MARQUES, Pedro"]
[Black "SIMONIAN, Tigran"]
[Result "0-1"]
[WhiteElo "1872"]
[BlackElo "2412"]
[Annotator "Montecatine,R"]
[PlyCount "138"]
[EventDate "2014.01.10"]

{Simonian no parece estar muy fino. Su rival aguantaba pero 33.bxa5 le dejó
debilidades en a3 y d5 y terminó perdiendo.} 1. e4 d6 2. c4 c5 3. Ne2 Nc6 4. d4
cxd4 5. Nxd4 Nf6 6. Nc3 g6 7. f3 Bg7 8. Be3 O-O 9. Qd2 Bd7 10. Be2 Rc8 11. O-O
a6 12. Rfd1 Nxd4 13. Bxd4 Be6 14. Nd5 Bxd5 15. cxd5 Nd7 16. Bxg7 Kxg7 17. Qd4+
f6 18. Rac1 Qa5 19. a3 Qb6 20. Qxb6 Nxb6 21. b3 f5 22. g3 Kf6 23. Kf2 (23. exf5
gxf5 24. f4 $11) 23... Nd7 24. Ke3 fxe4 25. f4 h5 26. Bf1 g5 27. Bh3 g4 28. Bg2
Nc5 29. Rc3 Nd3 30. Rxc8 Rxc8 31. Bxe4 Nc1 32. b4 a5 {Diagrama #} (32... Rc3+
33. Kd2 Na2 34. Ra1 Rxa3 35. Bd3 $13) 33. bxa5 (33. Bb1) 33... Nb3 34. Rd3 Nxa5
35. Kd2 Nc4+ 36. Ke2 Ra8 37. Rc3 b5 38. Bd3 Rxa3 39. Rxa3 Nxa3 40. Kd2 Nc4+ 41.
Kc3 Ne3 42. Kb4 Nxd5+ 43. Kxb5 Ne3 44. Kb4 Nf5 45. Kc3 e6 46. Be2 Kg6 47. Kd2
Kh6 48. Bc4 d5 49. Bb5 h4 50. Be2 Ng7 51. Ke3 hxg3 52. hxg3 Kg6 53. Bb5 Nf5+
54. Kf2 Nd4 55. Bd3+ Kf6 56. Ke3 Nf5+ 57. Kf2 Kf7 58. Be2 Nh6 59. Ke3 Ke7 60.
Kd4 Kd6 61. Bd1 Nf5+ 62. Kd3 Nxg3 63. Bxg4 Nf5 64. Bh5 Ke7 65. Bg6 Nh4 66. Bh7
Kf6 67. Ke2 Ng6 68. Bg8 Nxf4+ 69. Kf3 Kg7 0-1

[Event "39 Open Sevilla 2014"]
[Site "Sevilla (SPAIN)"]
[Date "2014.01.15"]
[Round "6.14"]
[White "ZARANDIETA LOPERA, Victor"]
[Black "POGORELOV, Ruslan"]
[Result "0-1"]
[WhiteElo "2048"]
[BlackElo "2377"]
[Annotator "Montecatine,R"]
[PlyCount "58"]
[EventDate "2014.01.10"]

{Pogorelov logró posición ganadora pero se complicó la vida en el final. Justo
cuando Víctor podía lograr el empate, llegó la jugada 29.......} 1. c4 Nf6 2.
Nc3 e6 3. Nf3 Bb4 4. g4 Bxc3 5. dxc3 d6 6. Qc2 e5 7. g5 Nfd7 8. h4 Nc5 9. Be3
Qe7 10. Bxc5 dxc5 11. Nd2 h6 12. g6 f5 13. Bg2 c6 (13... e4) 14. O-O-O O-O 15.
Nb3 a5 16. Qd2 a4 17. Na1 Be6 $17 18. Qd6 Qxd6 19. Rxd6 Bxc4 20. Rhd1 e4 21.
Bf1 Bxa2 22. e3 b5 23. c4 Bxc4 24. Bxc4+ bxc4 $19 25. Nc2 Na6 (25... Ra7) 26.
Rxc6 $17 Nb4 27. Nxb4 cxb4 {Diagrama #} 28. Rd7 (28. Rxc4 a3 29. Kb1 a2+ 30.
Ka1 b3 31. Rc3 Rab8 $17) 28... Rf6 (28... Kh8 29. Rxc4 (29. Rcc7 Rg8 30. Rxc4
a3 31. Kb1 a2+ 32. Ka1 b3 33. Rc3 Rab8 34. h5 Rb5 $15)) 29. Ra7 $4 (29. Rxf6
gxf6 30. h5 $11) 29... Rxa7 0-1

[Event "39 Open Sevilla 2014"]
[Site "Sevilla (SPAIN)"]
[Date "2014.01.15"]
[Round "6.15"]
[White "MELERO FIDALGO, Juan De Dios"]
[Black "LILLO FERRER, Jose Maria M"]
[Result "1-0"]
[WhiteElo "2245"]
[BlackElo "2047"]
[Annotator "Montecatine,R"]
[PlyCount "75"]
[EventDate "2014.01.10"]

{Melero pilló la casilla e4 y fue mejorando su posición. Un error en la 26
acortó la partida.} 1. d4 d6 2. c4 e5 3. d5 g6 4. e4 Bg7 5. Nc3 Nd7 6. Bd3 Ne7
7. Nge2 f5 8. exf5 Nxf5 9. Ng3 O-O 10. Nce4 Nf6 11. Bg5 c6 12. O-O cxd5 13.
cxd5 Qb6 14. Bxf6 Bxf6 15. Qb3 Qxb3 16. axb3 Be7 17. Ne2 a6 18. Rfc1 Rd8 19. b4
Rb8 20. b5 Ng7 21. Rc7 Kf8 22. f4 Ne8 23. Rc2 axb5 24. Rf1 Kg7 25. Bxb5 Bf5 26.
N2g3 {Diagrama #} Kh8 $2 (26... Bd7) 27. Bxe8 Rxe8 (27... exf4 28. Rxf4 Rxe8
29. Nxf5 gxf5 30. Rxf5 $16) 28. fxe5 $18 Bxe4 29. Nxe4 dxe5 30. d6 Bd8 31. g3
Bb6+ 32. Kg2 Red8 33. Rf7 Kg8 34. Re7 Rf8 35. d7 h6 36. Nd6 Bd8 37. Re8 b5 38.
Rc8 1-0

[Event "39 Open Sevilla 2014"]
[Site "Sevilla (SPAIN)"]
[Date "2014.01.15"]
[Round "6.16"]
[White "SGNAOLIN, Davide"]
[Black "HERRERA RAMIREZ, Daniel"]
[Result "1-0"]
[WhiteElo "2221"]
[BlackElo "1992"]
[Annotator "Montecatine,R"]
[PlyCount "109"]
[EventDate "2014.01.10"]

{Herrera pudo ganar pieza en la jugada 21 por un descuido. No lo vio ySgnaolín
tomó la iniciativa hasta imponerse.} 1. c4 e5 2. g3 Nc6 3. Bg2 d6 4. Nc3 Be6 5.
d3 Qd7 6. Rb1 Nge7 7. Nd5 Nd8 8. e4 c6 9. Nc3 g6 10. b3 Bg7 11. Be3 c5 12. Nd5
O-O 13. Nf3 Nec6 14. h4 Bg4 15. Qd2 Ne6 16. Nh2 Ned4 17. f3 Be6 18. O-O f5 19.
Bh3 Rf7 20. Rf2 Raf8 21. Rbf1 $2 Kh8 (21... f4 $19) 22. f4 a6 23. Bg2 b5 24.
Nf3 Nxf3+ 25. Bxf3 b4 26. h5 Nd4 27. Bxd4 exd4 28. Rh2 Kg8 29. Kg2 Bxd5 30.
cxd5 a5 31. hxg6 hxg6 32. Re1 Re7 33. Qd1 Bf6 34. Reh1 {Diagrama #} Rff7 $2 (
34... Bg7 $14) 35. Rh6 $18 Rg7 36. Rh8+ (36. Bh5) 36... Kf7 37. R1h6 Re8 38.
Rxe8 Kxe8 39. exf5 Qxf5 40. Be4 Qd7 41. Rxg6 Rxg6 42. Qh5 Kd8 43. Qxg6 Qg7 44.
Qxg7 Bxg7 45. g4 Ke7 46. Kg3 Kf7 47. Kh4 Bf6+ 48. g5 Bg7 49. Kh5 Bh8 50. Kg4
Bg7 51. f5 Be5 52. f6 Bh2 53. Kf5 Be5 54. g6+ Ke8 55. Ke6 1-0

[Event "39 Open Sevilla 2014"]
[Site "Sevilla (SPAIN)"]
[Date "2014.01.15"]
[Round "6.19"]
[White "DE DIOS ORTEGA, Juan Manuel"]
[Black "GOMEZ REBOLLO, Alfonso Carlos"]
[Result "0-1"]
[WhiteElo "1947"]
[BlackElo "2150"]
[Annotator "Montecatine,R"]
[PlyCount "88"]
[EventDate "2014.01.10"]

{Muchos errores la partida estuvo ganada, perdida y equilibrada en varios
momentos. Un error más grueso que los anteriores decidió la lucha.} 1. e4 c5 2.
Nf3 d6 3. c3 Nf6 4. Be2 Nbd7 5. d3 b6 6. O-O Bb7 7. Re1 e6 8. Nbd2 Be7 9. Nf1
O-O 10. Ng3 Rc8 11. Bf1 h6 12. d4 d5 13. exd5 Nxd5 14. Nh5 N5f6 15. Nxf6+ Bxf6
16. Bf4 cxd4 17. cxd4 Qe7 18. Qa4 Bd5 19. Ba6 Ra8 20. Rac1 Nb8 21. Rc7 Qd8 22.
Bb7 Bxb7 23. Rxb7 Qd5 24. Rc7 a5 25. Rec1 Na6 26. Rd7 Qf5 27. Bd6 (27. Be5)
27... Rfc8 28. Rxc8+ Rxc8 {Diagrama #} 29. Qd1 $2 (29. h3) 29... Qd5 $19 30. h3
Qb5 (30... b5) 31. Ra7 $17 Qxb2 32. Qa4 b5 $2 (32... Qc1+ 33. Kh2 Qc6 34. Qxc6
Rxc6 $17) 33. Qxa5 $11 Bxd4 $2 (33... Rc1+ 34. Kh2 Qxf2 35. Bg3 Qf1 36. Be1 $11
) 34. Nxd4 Qxd4 35. Qxa6 $2 (35. Rxa6 Rc1+ 36. Kh2 Qxf2 37. Qb6 $16) 35... Rc1+
36. Kh2 e5 $11 37. Ra8+ Kh7 38. Qa3 Rc3 39. Qb2 $2 (39. Qb4 Rc4 40. Qb1+ g6 41.
Ba3 Qxf2 $11) 39... Rxh3+ 40. Kxh3 Qxb2 41. a3 Qxf2 42. Rb8 g5 43. Kh2 Qh4+ 44.
Kg1 Qd4+ 0-1

[Event "39 Open Sevilla 2014"]
[Site "Sevilla (SPAIN)"]
[Date "2014.01.15"]
[Round "6.20"]
[White "HENRICHSEN, Jens"]
[Black "FERRER GARCIA, Isaac"]
[Result "0-1"]
[WhiteElo "1946"]
[BlackElo "2144"]
[Annotator "Montecatine,R"]
[PlyCount "114"]
[EventDate "2014.01.10"]

{!Cuántos errores! Buscando evitar las tablas Isaac se fue quedando algo peor,
peor y perdido. Tras ello estuvo algo mejor y ganado, luego algo peor y
perdido. Y cuando sólo te salvaba un milagro, !llegó!} 1. d4 e6 2. c4 f5 3. g3
Nf6 4. Bg2 d5 5. Nf3 c6 6. O-O Bd6 7. Nbd2 O-O 8. b3 Bd7 9. Ne5 Be8 10. Bb2 Qe7
11. Ndf3 Nbd7 12. Nd3 dxc4 13. bxc4 c5 14. e3 Bh5 15. Qc2 Rac8 16. Nf4 Be8 17.
Nd3 Ne4 18. Nfe5 cxd4 19. exd4 Nxe5 20. dxe5 Bc5 21. Nxc5 Qxc5 22. Bxe4 fxe4
23. Qxe4 Bc6 24. Qd4 Qb4 25. Qc3 Qa4 (25... Qxc3 26. Bxc3 Bf3 $11) 26. Qb3 Qa6
27. Rac1 Bf3 (27... Rf3) 28. Rfe1 b6 29. Re3 Qb7 30. Rcc3 Bc6 31. Ba3 Rf5 32.
Bd6 Qf7 33. Qc2 $14 h5 34. h3 h4 35. g4 Rf4 36. Qe2 Qg6 37. f3 Qb1+ 38. Kg2 Rd8
39. Qc2 Qa1 40. Qd2 $16 Rd7 41. Re1 Rd4 42. Qe3 Rd1 43. Rxd1 Qxd1 44. Rc1 Bxf3+
$2 (44... Qa4) 45. Kf2 $18 Qa4 46. Kxf3 Qxa2 {Diagrama #} 47. Qe2 $2 Rf7+ $15
48. Ke3 Qb3+ 49. Kd2 Rf4 $2 (49... Rf3 50. Rc2 Rxh3 $17) 50. Rc3 (50. Qe3)
50... Rd4+ $2 (50... Qb2+ 51. Kd3 Rd4+ $19) 51. Rd3 $14 Qb2+ 52. Ke1 Qa1+ (
52... Qb1+ 53. Rd1 $16) 53. Qd1 (53. Kf2 $18) 53... Re4+ 54. Kf2 Qa2+ 55. Qd2
Qxc4 56. Qc3 (56. Be7) 56... Rf4+ {Diagrama #} 57. Rf3 $4 (57. Kg1 $16) 57...
Qxc3 0-1

[Event "39 Open Sevilla 2014"]
[Site "Sevilla (SPAIN)"]
[Date "2014.01.16"]
[Round "7.2"]
[White "HASLINGER, Stewart G"]
[Black "GALLARDO FERNANDEZ, Cesar"]
[Result "1-0"]
[WhiteElo "2548"]
[BlackElo "2244"]
[Annotator "Montecatine,R"]
[PlyCount "41"]
[EventDate "2014.01.10"]

{La ruptura es un tanto precipitada y el negro pierde la igualdad. Pero tras
14...Dd6 queda ya perdido} 1. e4 e5 2. Nf3 Nc6 3. Bc4 Nf6 4. d3 Be7 5. O-O O-O
6. Re1 d6 7. a4 Bg4 8. h3 Bh5 9. c3 d5 (9... Na5 10. Ba2 c5) (9... a5) 10. exd5
Nxd5 11. a5 $14 Kh8 (11... Rb8) 12. g4 Bg6 13. Qb3 $16 Nf6 14. Qxb7 {Diagrama #
} Qd6 $2 (14... Qd7 15. Nxe5 Nxe5 16. Rxe5 Bxd3 17. Nd2 $16) 15. Bb5 $18 Nxg4 (
15... e4 16. Qxc6 exf3 17. Qxd6 Bxd6 18. Nd2 $18) 16. Ra4 Bxd3 17. Nxe5 Bxb1
18. Qxa8 Rxa8 19. Nxf7+ Kg8 20. Nxd6 Bxd6 21. Bxc6 1-0